LEADER 01094cam0 2200265 450 001 E600200030019 005 20201103105712.0 100 $a20071005d1992 |||||ita|0103 ba 101 $aita 102 $aIT 200 1 $aDai Marchesi Del Vasto ai primi Marchesi di Saluzzo$esviluppi signorili entro quadri pubblici secoli 11.-12.$fLuigi Provero 210 $aTorino$cDeputazione Subalpina di Storia Patria$d1992 215 $a284 p.$cill.$d25 cm 225 2 $aDeputazione Subalpina di Storia Pstria$eBiblioteca Storica Subalpina$vCCIX 410 1$1001LAEC00023958$12001 $a*Deputazione Subalpina di Storia Pstria : Biblioteca Storica Subalpina$vCCIX 700 1$aProvero$b, Luigi$3A600200043514$4070$0281353 801 0$aIT$bUNISOB$c20201103$gRICA 850 $aUNISOB 852 $aUNISOB$j900$m136033 912 $aE600200030019 940 $aM 102 Monografia moderna SBN 941 $aM 957 $a900$b002820$gSi$d136033$rdono$1beth$2UNISOB$3UNISOB$420071005074332.0$520201103105712.0$6rovito 996 $aDai Marchesi Del Vasto ai primi Marchesi di Saluzzo$91688622 997 $aUNISOB